00714 2200229 4500001002100000005001500021020002200036035002400058040001200082082001200094084002200106090002200128100001700150245011800167250001100285260004900296300004500345500003100390650002100421990002100442990002100463YOGYA00000000009863120140823122557 a978-602-8276-72-6 0010-021400000000140 aYOPDYOG a499.221 aDEP 499.221 Asu K aDEP 499.221 Asu K aAsul Wiyanto aKitab bahasa Indonesia untuk SD, SMP, SMA, Mahasiswa, UmumC/ Asul Wiyanto ; penyunting, Lisa Esti Puji Hartanti. aCet. 1 aYogyakartab: Jogja Bangkit Publisher,c2012 avii, 410 hlm.b: ilus.c; 23 cm. (2eks.) aBibliografi : hlm. 409-410 aBahasa Indonesia aCB-D.112012-2171 aCB-D.112012-2176